000 00678nas a2200229 4500
001 BR8402032
003 BR-BrBNA
005 20231205085905.0
007 ta
008 230509b bl.|||p| |||| 00| 00por d
040 _aBR-BrBNA
_bpor
_cBiblioteca Nacional de Agricultura
041 _a(Pt)
072 _aE15
100 1 _aFonseca, F.L.A. da
245 1 _aA economia pelotense em retrospectiva [Rio Grande do Sul, Brasil]
650 _aECONOMIA
650 _aPELOTAS
650 _aRIO GRANDE DO SUL
773 0 _tLavoura Arrozeira (Brazil)
_xISSN 0023-9143
_g(Jul 1984), v. 37(352) p. 3-8
_wBR8402032
909 _a202311
_bLúcia
_c55
_dLúcia Elande
942 _2AGRIS
_n0
_cANA
999 _c114555
_d114555